000 00771na a2200253 4500
001 23010
003 MIRAKIL
005 20181213154742.0
008 170421b tu 000 0
020 _a9786053557388
040 _aMilas
_btur
_cTR-AnCHP
041 _atur
082 _a321.8042
_bT66ç 2017
090 _a321.8042 T66ç 2017
100 _aToprak, Ece Güner
245 _aÇare başkanlık mı?
_cEce Güner Toprak
260 _aAnkara
_bPalme yayınları
_c2017
_fAyrıntı Basım Yayım
300 _a236 s.
_c19 cm.
440 _aPalme yayınları
_n1320
600 _aToprak, Ece Güner
650 _aTürkiye
_xAnayasa değişikliği, 2017
_yBaşkanlık sistemi
650 _aTürkiye
_xSiyaset ve Yönetim
_yBaşkanlık sistemi
942 _2ddc
_cBKS
999 _c294
_d294